| 000 | 01848cam a22004334i 4500 | ||
|---|---|---|---|
| 003 | PE-LiUPU | ||
| 005 | 20250731183424.0 | ||
| 008 | 150706s1921 xxua r 000 0 d | ||
| 035 | _a(Sirsi) a48016 | ||
| 040 |
_aPE-LiUPU _bspa _cPE-LiUPU _erda |
||
| 049 | _aPRUA | ||
| 082 | 0 | 4 |
_a783.9 _bI351921 _221 |
| 082 | 0 | 4 |
_a783.9 _bM32 |
| 100 | 1 |
_aMaxwell, E. L., _eautor. |
|
| 110 | 2 | _aPacific Press Publishing Association | |
| 245 | 1 | 3 |
_aEl himnario adventista : _bpara uso en el culto divino / _cE. L. Maxwell. |
| 264 | 1 |
_aMountain View, California : _bPacific Press Publishing Association, _c[1921]. |
|
| 300 |
_a318 páginas ; _c22 cm. |
||
| 336 |
_atext _2rdacontent |
||
| 337 |
_aunmediated _2rdamedia |
||
| 338 |
_avolume _2rdacarrier |
||
| 505 | 0 | _aHimnos para uso en el Culto Divino -- Himno 1 - 463. | |
| 526 | _aP158 | ||
| 526 | _aP146 | ||
| 526 | _aP17 | ||
| 526 | _aP12 | ||
| 526 | _aP06 | ||
| 650 | 0 | 4 | _aHimnario Adventista. |
| 910 |
_agl _cjvm _d20100303 |
||
| 942 |
_2ddc _cBOOK |
||
| 949 |
_a783.9 I35 1921 _wDEWEY _c1 _i60854 _lCCODEBUL1 _mBUL _p16.00 _r0 _sY _tLIBRO _u2015-07-06 _xBIBLIOTECA _zUNKNOWN _o.STAFF. Colección General |
||
| 949 |
_a783.9 M32 1921 _wDEWEY _c1 _iFJ12933 _lCCODEBUJ1 _mBUJ _p20.00 _r0 _sY _tBOOK _u2019-08-14 _xBIBLIOTECA _zOTRO _o.STAFF -- Colección General Juliaca |
||
| 994 |
_aC0 _bPEPRU |
||
| 596 | _a1 3 | ||
| 999 |
_a783.9 I35 1921 _wDEWEY _c50222 _i60854 _f2021-11-8 _g5 _lCCODEBUL1 _mBUL _p16.00 _r0 _sY _tBOOK _u2015-7-6 _xEDUCACION _zUNKNOWN _0COMPRA _o.STAFF. Colección General _d50222 |
||
| 999 |
_a783.9 M32 1921 _wDEWEY _c1 _iFJ12933 _lCCODEBUJ1 _mBUJ _p20.00 _r0 _sY _tBOOK _u2019-8-14 _xBIBLIOTECA _zUNKNOWN _0COMPRA _o.STAFF. Colección General Juliaca |
||
| 980 |
_81 _gALBERTO SANCHEZ Responsable de Automatización |
||